000 00279nam a2200109Ia 4500
008 190906s9999||||xx |||||||||||||| ||und||
100 _aTriebel, Singh
245 4 _aThe 8088 and 8086 Microprocessors
260 _aNew Delhi
_bTata McGraw Hill
_c2007
300 _a843
942 _cBK
999 _c6000
_d6000